[Event "RUS-ch rapid (Women)"]
[Site "Sochi"]
[Date "2019.10.15"]
[Round "4"]
[White "Bodnaruk, Anastasia"]
[Black "Avdeenko, Tatiana"]
[Result "1-0"]
[WhiteElo "2449"]
[BlackElo "2049"]
[PlyCount "29"]
[EventDate "2019.10.15"]
[EventType "swiss"]
[EventRounds "11"]
[EventCountry "RUS"]
[SourceTitle "CBM 192 Extra"]
[Source "Chessbase"]
[SourceDate "2019.11.06"]
[SourceVersion "1"]
[SourceVersionDate "2019.11.06"]
[SourceQuality "1"]

1. e4 g6 2. d4 c6 3. Nc3 Bg7 4. f4 d5 5. e5 h5 6. Nf3 Bf5 7. Be3 Nh6 8. h3 e6 9. Bf2 Nd7 10. Be2 Bf8 11. Ng5 Qa5 12. g4 hxg4 13. hxg4 Be4 14. Ngxe4 dxe4 15. g5 1-0

[Event "Krasnoyarsk Regional-ch"]
[Site "Krasnoyarsk"]
[Date "2017.10.07"]
[Round "8"]
[White "Avdeenko, Tatiana"]
[Black "Petrukhina, Olga"]
[Result "1-0"]
[WhiteElo "2125"]
[BlackElo "2106"]
[PlyCount "183"]
[EventDate "2017.09.30"]
[EventType "swiss"]
[EventRounds "9"]
[EventCountry "RUS"]
[SourceTitle "CBM 181 Extra"]
[Source "ChessBase"]
[SourceDate "2017.12.12"]
[SourceVersion "1"]
[SourceVersionDate "2017.12.12"]
[SourceQuality "1"]

1. e4 e6 2. d4 d5 3. Nc3 Bb4 4. e5 c5 5. a3 Bxc3+ 6. bxc3 Qa5 7. Bd2 Qa4 8. Qg4 Kf8 9. Qd1 Nc6 10. Nf3 Nge7 11. Qb1 c4 12. h4 Ke8 13. h5 h6 14. Nh4 Kd8 15. Rh3 Bd7 16. Rg3 Rg8 17. Rf3 Be8 18. Ra2 Kc7 19. g3 Rc8 20. Bh3 b6 21. Kf1 Kb7 22. Rb2 Ka8 23. Ng2 Rh8 24. Kg1 Rd8 25. Nf4 Bd7 26. Kh2 Bc8 27. Ra2 Rdf8 28. Kg2 Rhg8 29. Re3 Rd8 30. f3 Rdf8 31. Kf2 Kb7 32. Qg1 Nd8 33. Qb1 Ndc6 34. Re1 Ka8 35. Qb2 Qa5 36. Re2 Qa4 37. Ra1 Kb7 38. Rb1 Bd7 39. Rg1 Nd8 40. Qb4 Qxb4 41. cxb4 Ba4 42. c3 Bc2 43. Bc1 Bh7 44. b5 a5 45. a4 Kc7 46. Ba3 Kd7 47. g4 g5 48. hxg6 fxg6 49. Ke3 Rf7 50. Rf2 Rgf8 51. Ne2 g5 52. Ng3 Bg6 53. Bf1 Rh8 54. Rh1 Ng8 55. Nh5 Bxh5 56. Rxh5 Rhh7 57. Rfh2 Rhg7 58. Be2 Nb7 59. Bd1 Kc7 60. Kf2 Kd7 61. Kg3 Nd8 62. Bc2 Kc7 63. Rf2 Kd7 64. Rh1 Ke8 65. Bc1 Rc7 66. Rfh2 Nf7 67. Rf2 Nh8 68. f4 gxf4+ 69. Rxf4 Rcf7 70. Rxf7 Nxf7 71. Kh4 Ke7 72. Rf1 Ng5 73. Ba3+ Kd7 74. Bf8 Rf7 75. Rxf7+ Nxf7 76. Kh5 Ke8 77. Ba3 Ng5 78. Bg6+ Kd7 79. Bc1 Ne4 80. Bxe4 dxe4 81. Bd2 Ke7 82. g5 hxg5 83. Bxg5+ Kf7 84. Kg4 e3 85. Kf3 e2 86. Kxe2 Ke8 87. Kf3 Kd7 88. Ke4 Ke8 89. d5 exd5+ 90. Kxd5 Kd7 91. e6+ Kc7 92. Ke5 1-0

[Event "Krasnoyarsk Regional-ch"]
[Site "Krasnoyarsk"]
[Date "2017.10.04"]
[Round "5"]
[White "Mikhalchenko, Petr"]
[Black "Avdeenko, Tatiana"]
[Result "1/2-1/2"]
[WhiteElo "2349"]
[BlackElo "2125"]
[PlyCount "101"]
[EventDate "2017.09.30"]
[EventType "swiss"]
[EventRounds "9"]
[EventCountry "RUS"]
[SourceTitle "CBM 181 Extra"]
[Source "ChessBase"]
[SourceDate "2017.12.12"]
[SourceVersion "1"]
[SourceVersionDate "2017.12.12"]
[SourceQuality "1"]

1. d4 d6 2. e4 Nf6 3. Nc3 e5 4. Nf3 Nbd7 5. Be2 Be7 6. 0-0 0-0 7. Re1 c6 8. a4 Re8 9. a5 Rb8 10. Bc4 h6 11. d5 b5 12. axb6 Nxb6 13. Bb3 cxd5 14. exd5 a6 15. Ne2 Qc7 16. Ng3 Bb7 17. Nf5 Nbxd5 18. c4 Nb4 19. c5 Qxc5 20. Bxh6 gxh6 21. Rc1 Qb6 22. Nxh6+ Kf8 23. Bxf7 Ne4 24. Re3 Rec8 25. Bc4 d5 26. Nxe5 Qxh6 27. Qf3+ Nf6 28. Nd7+ Kf7 29. Rce1 Re8 30. Nxb8 Nc2 31. Nxa6 Nxe1 32. Rxe1 dxc4 33. Qxb7 Qd2 34. Rf1 Qe2 35. h3 Rd8 36. Nb8 Rd1 37. Rxd1 Qxd1+ 38. Kh2 Qd6+ 39. Kg1 Qd1+ 40. Kh2 Qd6+ 41. g3 Qc5 42. Kg1 Kg6 43. Qf3 Qd5 44. Qe2 Bd6 45. Nd7 Nxd7 46. Qg4+ Kf6 47. Qxd7 Qd1+ 48. Kg2 Qd5+ 49. Kg1 Qd1+ 50. Kg2 Qd5+ 51. Kg1 1/2-1/2

[Event "Krasnoyarsk Regional-ch"]
[Site "Krasnoyarsk"]
[Date "2017.10.03"]
[Round "3"]
[White "Volkov, Grigoriy"]
[Black "Avdeenko, Tatiana"]
[Result "0-1"]
[WhiteElo "1615"]
[BlackElo "2125"]
[PlyCount "62"]
[EventDate "2017.09.30"]
[EventType "swiss"]
[EventRounds "9"]
[EventCountry "RUS"]
[SourceTitle "CBM 181 Extra"]
[Source "ChessBase"]
[SourceDate "2017.12.12"]
[SourceVersion "1"]
[SourceVersionDate "2017.12.12"]
[SourceQuality "1"]

1. e4 d6 2. d4 Nf6 3. Nc3 e5 4. dxe5 dxe5 5. Bb5+ Nbd7 6. Nf3 c6 7. Bc4 Bc5 8. Bg5 b5 9. Bd3 a6 10. Ne2 h6 11. Bxf6 Qxf6 12. Ng3 g6 13. c3 0-0 14. Bc2 Rd8 15. Bb3 Nf8 16. Qc1 Kg7 17. h4 Ne6 18. Bxe6 Bxe6 19. h5 g5 20. Qc2 Rd7 21. b3 Rad8 22. Qb2 g4 23. Nh4 Bxf2+ 24. Qxf2 Rd1+ 25. Rxd1 Rxd1+ 26. Kxd1 Qxf2 27. Nhf5+ Bxf5 28. Nxf5+ Kh7 29. Re1 Qxa2 30. g3 Qxb3+ 31. Kd2 Qb2+ 0-1

[Event "Krasnoyarsk Regional-ch"]
[Site "Krasnoyarsk"]
[Date "2017.10.01"]
[Round "2"]
[White "Avdeenko, Tatiana"]
[Black "Zhukov, Ivan"]
[Result "1/2-1/2"]
[WhiteElo "2125"]
[BlackElo "1893"]
[PlyCount "138"]
[EventDate "2017.09.30"]
[EventType "swiss"]
[EventRounds "9"]
[EventCountry "RUS"]
[SourceTitle "CBM 181 Extra"]
[Source "ChessBase"]
[SourceDate "2017.12.12"]
[SourceVersion "1"]
[SourceVersionDate "2017.12.12"]
[SourceQuality "1"]

1. e4 c5 2. Nc3 e6 3. f4 Nc6 4. Nf3 g6 5. Bb5 Nge7 6. d4 cxd4 7. Nxd4 Bg7 8. Be3 0-0 9. 0-0 d6 10. Qd2 a6 11. Be2 Qc7 12. Rad1 Rd8 13. Bf3 Nxd4 14. Bxd4 e5 15. Bxe5 Be6 16. Bxg7 Kxg7 17. f5 gxf5 18. Qg5+ Kh8 19. Qf6+ Kg8 20. Bh5 f4 21. Kh1 Rd7 22. Rxf4 Rf8 23. Rd3 Qd8 24. Bg4 Ng6 25. Bxe6 Qxf6 26. Rxf6 fxe6 27. Rxf8+ Kxf8 28. Kg1 Ne5 29. Rg3 Rf7 30. Ne2 Nc4 31. Rd3 Ke7 32. b3 Ne5 33. Rg3 b5 34. h3 Kd7 35. Rg8 Nc6 36. Ra8 a5 37. c3 b4 38. c4 Ke7 39. Rh8 Kd7 40. g3 Ne5 41. Nf4 Nf3+ 42. Kg2 Ne1+ 43. Kg1 Nf3+ 44. Kf2 Nd4 45. Kg2 e5 46. Nd5 Nc2 47. Rxh7 Ne3+ 48. Kg1 Rxh7 49. Nf6+ Ke7 50. Nxh7 Nxc4 51. Kf2 Nd2 52. Ke3 Nf1+ 53. Kf2 Nd2 54. Ng5 Kf6 55. h4 Nb1 56. g4 Nc3 57. Ke3 Nxa2 58. Nf3 Nc3 59. Nd2 a4 60. bxa4 Nxa4 61. Kd3 Nc5+ 62. Kc4 b3 63. Kd5 Ke7 64. g5 b2 65. h5 Kf7 66. Nb1 Kg7 67. Nc3 Kh7 68. g6+ Kh6 69. Nb1 Kg7 1/2-1/2

[Event "RUS-ch Higher League (Women) 67th"]
[Site "Sochi"]
[Date "2017.07.10"]
[Round "8.21"]
[White "Avdeenko, Tatiana"]
[Black "Belova, Olga"]
[Result "1-0"]
[WhiteElo "2123"]
[BlackElo "2064"]
[PlyCount "117"]
[EventDate "2017.07.02"]
[EventType "swiss"]
[EventRounds "9"]
[EventCountry "RUS"]
[SourceTitle "CBM 179 Extra"]
[Source "ChessBase"]
[SourceDate "2017.08.23"]
[SourceVersion "1"]
[SourceVersionDate "2017.08.23"]
[SourceQuality "1"]

1. e4 e5 2. Nf3 Nc6 3. Bc4 Nf6 4. d3 Be7 5. 0-0 0-0 6. Re1 d6 7. a4 h6 8. h3 Nh7 9. Nc3 Be6 10. Nd5 Kh8 11. d4 Ng5 12. Bxg5 Bxg5 13. c3 Bf6 14. Ba2 a5 15. Qd2 Nb8 16. Nxf6 Qxf6 17. dxe5 dxe5 18. Bxe6 Qxe6 19. Rad1 Ra6 20. Qd5 Qxd5 21. Rxd5 f6 22. Red1 Re8 23. Nh4 Kg8 24. Nf5 h5 25. Kf1 g6 26. Ne3 Kf7 27. Nc4 Nc6 28. h4 b6 29. Ne3 Ke6 30. Rd7 Re7 31. Rxe7+ Nxe7 32. Rd8 Ra7 33. Nd5 Nxd5 34. exd5+ Ke7 35. Rg8 Kf7 36. Rh8 Ke7 37. Rh6 Ra8 38. Rxg6 Rh8 39. Rg7+ Kd6 40. Ke2 Kxd5 41. Rxc7 Rg8 42. g3 Rg4 43. b3 f5 44. Rd7+ Kc6 45. Rh7 f4 46. Rh6+ Kc7 47. gxf4 Rxh4 48. fxe5 Re4+ 49. Kd3 Rxe5 50. f4 Re1 51. Rxh5 Rf1 52. Rf5 Kc6 53. Kc4 Rf3 54. Rf6+ Kc7 55. b4 Kb7 56. Kb5 Rxc3 57. Rxb6+ Ka7 58. Kxa5 Rf3 59. Rf6 1-0

[Event "RUS-ch Higher League (Women) 67th"]
[Site "Sochi"]
[Date "2017.07.06"]
[Round "5"]
[White "Doroshenko, Diana"]
[Black "Avdeenko, Tatiana"]
[Result "1-0"]
[WhiteElo "2228"]
[BlackElo "2123"]
[PlyCount "75"]
[EventDate "2017.07.02"]
[EventType "swiss"]
[EventRounds "9"]
[EventCountry "RUS"]
[SourceTitle "CBM 179 Extra"]
[Source "ChessBase"]
[SourceDate "2017.08.23"]
[SourceVersion "1"]
[SourceVersionDate "2017.08.23"]
[SourceQuality "1"]

1. e4 d6 2. d4 Nf6 3. Nc3 e5 4. dxe5 dxe5 5. Qxd8+ Kxd8 6. Bg5 c6 7. Bc4 Ke8 8. Nf3 Nbd7 9. 0-0-0 b5 10. Bb3 Bc5 11. Bh4 h6 12. Rhe1 a5 13. a4 b4 14. Nb1 Bb6 15. Nbd2 Ba6 16. Nc4 Bxc4 17. Bxc4 Bc7 18. Re2 Ke7 19. Bg3 Ra7 20. Nh4 g6 21. f3 Bb6 22. Be1 Bc5 23. g3 Nb6 24. Bb3 Rd7 25. Bd2 Ra7 26. f4 exf4 27. gxf4 Rd8 28. Nf3 Nfd7 29. f5 g5 30. e5 Nf8 31. Nxg5 Rxd2 32. Rexd2 Be3 33. Nxf7 Rd7 34. f6+ Ke8 35. Nd6+ Kd8 36. Kb1 Bxd2 37. Rxd2 c5 38. e6 1-0

[Event "RUS-ch Higher League (Women) 67th"]
[Site "Sochi"]
[Date "2017.07.04"]
[Round "3"]
[White "Avdeenko, Tatiana"]
[Black "Khokhlova, Daria"]
[Result "0-1"]
[WhiteElo "2123"]
[BlackElo "2237"]
[PlyCount "90"]
[EventDate "2017.07.02"]
[EventType "swiss"]
[EventRounds "9"]
[EventCountry "RUS"]
[SourceTitle "CBM 179 Extra"]
[Source "ChessBase"]
[SourceDate "2017.08.23"]
[SourceVersion "1"]
[SourceVersionDate "2017.08.23"]
[SourceQuality "1"]

1. e4 c5 2. Nc3 Nc6 3. Bb5 e6 4. f4 Nge7 5. Nf3 a6 6. Be2 d5 7. 0-0 d4 8. Nb1 Ng6 9. d3 Be7 10. a4 0-0 11. Bd2 b6 12. Na3 Bb7 13. Qe1 f5 14. Qg3 Rb8 15. Nc4 b5 16. axb5 axb5 17. exf5 Rxf5 18. Nce5 Ncxe5 19. Nxe5 Nxe5 20. fxe5 Bh4 21. Qh3 Rxe5 22. Bg4 Bg5 23. Qg3 Be3+ 24. Kh1 Rg5 25. Bxe3 dxe3 26. Qxe3 Bxg2+ 27. Kxg2 Rxg4+ 28. Kh1 Qd5+ 29. Qf3 Rf8 30. Qxd5 Rxf1+ 31. Rxf1 exd5 32. Rf5 Rd4 33. Kg2 g6 34. Re5 Kf7 35. b3 Kf6 36. Re3 g5 37. c3 Rg4+ 38. Kf2 Rf4+ 39. Kg2 d4 40. cxd4 Rxd4 41. Rh3 Kg6 42. Re3 Kf5 43. Rh3 Rg4+ 44. Kh1 Rh4 45. Re3 Rb4 0-1

[Event "Krasnoyarsk Region-ch"]
[Site "Krasnoyarsk"]
[Date "2015.10.18"]
[Round "11"]
[White "Avdeenko, Tatiana"]
[Black "Dobrovolskiy, Roman"]
[Result "1-0"]
[WhiteElo "2138"]
[BlackElo "2136"]
[PlyCount "89"]
[EventDate "2015.10.??"]
[EventType "swiss"]
[EventRounds "11"]
[EventCountry "RUS"]
[SourceTitle "CBM 169 Extra"]
[Source "ChessBase"]
[SourceDate "2015.12.18"]
[SourceVersion "1"]
[SourceVersionDate "2015.12.18"]
[SourceQuality "1"]

1. e4 e5 2. Nf3 Nc6 3. Bc4 Nf6 4. d3 Be7 5. 0-0 0-0 6. Re1 d6 7. a4 Be6 8. Nbd2 Bxc4 9. Nxc4 Nd7 10. Ne3 Bf6 11. Nd5 Ne7 12. Nxf6+ Nxf6 13. Nh4 Ne8 14. c3 Kh8 15. Qf3 Qd7 16. Be3 c6 17. d4 Nc7 18. dxe5 dxe5 19. Bc5 b6 20. Rad1 Qe6 21. Rd6 Qc4 22. Ba3 c5 23. Rd7 Ng6 24. Nxg6+ fxg6 25. Qg3 Ne8 26. Qxe5 Nf6 27. Re7 Qxa4 28. f3 Rad8 29. Qg3 Rd2 30. h3 Nh5 31. Rf7 Rfd8 32. Qg5 Kg8 33. Rc7 Qc2 34. e5 Nf4 35. Qxf4 Rxg2+ 36. Kh1 Rf8 37. Qg4 Kh8 38. Qf4 Re8 39. Re7 Rg8 40. Rg1 Rf2 41. Rf7 Qe2 42. Qg3 h5 43. e6 Re8 44. e7 Kg8 45. Rxg7+ 1-0

[Event "Krasnoyarsk Region-ch"]
[Site "Krasnoyarsk"]
[Date "2015.10.15"]
[Round "8"]
[White "Sholokhov, Anatoly"]
[Black "Avdeenko, Tatiana"]
[Result "0-1"]
[WhiteElo "2048"]
[BlackElo "2138"]
[PlyCount "66"]
[EventDate "2015.10.??"]
[EventType "swiss"]
[EventRounds "11"]
[EventCountry "RUS"]
[SourceTitle "CBM 169 Extra"]
[Source "ChessBase"]
[SourceDate "2015.12.18"]
[SourceVersion "1"]
[SourceVersionDate "2015.12.18"]
[SourceQuality "1"]

1. e4 d6 2. Bc4 Nf6 3. d3 e5 4. Nf3 Be7 5. c3 c6 6. Bb3 0-0 7. 0-0 Qc7 8. Re1 Nbd7 9. Nbd2 b6 10. Nf1 Bb7 11. Ng3 Rfe8 12. Nf5 Bf8 13. h3 d5 14. g4 Nc5 15. Bc2 dxe4 16. dxe4 Rad8 17. Qe2 Ba6 18. c4 Ne6 19. b3 Bb4 20. Bd2 Bxd2 21. Nxd2 Nf4 22. Qe3 Nxh3+ 23. Qxh3 Rxd2 24. Rac1 Red8 25. Kg2 g6 26. Qh4 gxf5 27. exf5 Qd6 28. g5 Rd4 29. Qh6 Ng4 30. Qh3 Nxf2 31. Kxf2 Rf4+ 32. Kg2 Qd2+ 33. Kh1 c5 0-1

[Event "Krasnoyarsk Region-ch"]
[Site "Krasnoyarsk"]
[Date "2015.10.14"]
[Round "7"]
[White "Avdeenko, Tatiana"]
[Black "Poliakov, Artem"]
[Result "1-0"]
[WhiteElo "2138"]
[BlackElo "2036"]
[PlyCount "77"]
[EventDate "2015.10.??"]
[EventType "swiss"]
[EventRounds "11"]
[EventCountry "RUS"]
[SourceTitle "CBM 169 Extra"]
[Source "ChessBase"]
[SourceDate "2015.12.18"]
[SourceVersion "1"]
[SourceVersionDate "2015.12.18"]
[SourceQuality "1"]

1. e4 d5 2. exd5 Qxd5 3. Nc3 Qd6 4. d4 Nf6 5. Nf3 a6 6. g3 Bg4 7. Bg2 e6 8. 0-0 Be7 9. Bf4 Qd8 10. h3 Bxf3 11. Qxf3 c6 12. Rad1 0-0 13. Ne2 Nbd7 14. c4 Nb6 15. b3 a5 16. Nc3 Qc8 17. g4 h6 18. h4 Nh7 19. Qh3 g5 20. hxg5 hxg5 21. Be5 f6 22. Be4 Rf7 23. Kg2 Nf8 24. Rh1 Rg7 25. Rd3 Kf7 26. Qh5+ Ng6 27. Rf3 Qg8 28. d5 Nd7 29. dxe6+ Kf8 30. Bg3 Nde5 31. Bxg6 Nxg6 32. Ne4 Nf4+ 33. Bxf4 gxf4 34. Rxf4 Qxe6 35. Ng5 Qd6 36. Rf5 a4 37. c5 Qd7 38. Qh8+ Rg8 39. Rxf6+ 1-0

[Event "Novokuznetsk Kuzbass op"]
[Site "Novokuznetsk"]
[Date "2014.08.13"]
[Round "3"]
[White "Sitnikov, Dmitrij"]
[Black "Avdeenko, Tatiana"]
[Result "1-0"]
[WhiteElo "2468"]
[BlackElo "2121"]
[PlyCount "80"]
[EventDate "2014.08.11"]
[EventType "swiss"]
[EventRounds "9"]
[EventCountry "RUS"]
[SourceTitle "CBM 162 Extra"]
[Source "ChessBase"]
[SourceDate "2014.10.17"]
[SourceVersion "1"]
[SourceVersionDate "2014.10.17"]
[SourceQuality "1"]

1. d4 d6 2. Nf3 Nf6 3. c4 g6 4. Nc3 Bf5 5. g3 Bg7 6. Bg2 0-0 7. 0-0 Nc6 8. d5 Na5 9. Nd4 Bd7 10. b3 c5 11. dxc6 Nxc6 12. Bb2 Qa5 13. e3 Rac8 14. Re1 a6 15. a3 Qb6 16. Na4 Qd8 17. Nc3 Qb6 18. Rb1 Rfe8 19. Ba1 h5 20. Na4 Qc7 21. c5 Nxd4 22. exd4 Bg4 23. Qd2 d5 24. Nb6 Red8 25. b4 Bf5 26. Rbc1 h4 27. a4 hxg3 28. hxg3 Ne4 29. Qa2 e6 30. b5 Bh6 31. Rcd1 Bg4 32. Rd3 Bf5 33. Red1 Nf6 34. Ra3 Nd7 35. Nxd7 Qxd7 36. bxa6 bxa6 37. Bc3 Rb8 38. Bd2 Bxd2 39. Qxd2 Rb7 40. Rc3 Qc6 1-0

[Event "Novokuznetsk Kuzbass op"]
[Site "Novokuznetsk"]
[Date "2014.08.11"]
[Round "1"]
[White "Avdeenko, Tatiana"]
[Black "Khegay, Dmitriy"]
[Result "0-1"]
[WhiteElo "2121"]
[BlackElo "2369"]
[PlyCount "66"]
[EventDate "2014.08.11"]
[EventType "swiss"]
[EventRounds "9"]
[EventCountry "RUS"]
[SourceTitle "CBM 162 Extra"]
[Source "ChessBase"]
[SourceDate "2014.10.17"]
[SourceVersion "1"]
[SourceVersionDate "2014.10.17"]
[SourceQuality "1"]

1. e4 c5 2. Nc3 e6 3. f4 Nc6 4. Nf3 Nge7 5. d4 Nxd4 6. Nxd4 cxd4 7. Qxd4 Nc6 8. Qf2 Bb4 9. Bd2 a6 10. Be2 d6 11. 0-0 0-0 12. Qg3 Qf6 13. Rad1 Qg6 14. Qh3 b5 15. Bd3 Bxc3 16. Bxc3 e5 17. f5 Qf6 18. Be1 Qe7 19. a4 Rb8 20. axb5 axb5 21. c3 Rd8 22. Qh5 f6 23. Qe2 Qb7 24. Bc2 Na5 25. Rd5 Qb6+ 26. Bf2 Qc6 27. Rfd1 Ba6 28. b4 Nc4 29. Bb3 Kh8 30. Bc5 Bb7 31. Bxc4 bxc4 32. Qxc4 Qa4 33. R5d2 Rbc8 0-1

[Event "Krasnoyarsk-ch"]
[Site "Krasnoyarsk"]
[Date "2014.02.09"]
[Round "11"]
[White "Dobrovolskiy, Roman"]
[Black "Avdeenko, Tatiana"]
[Result "1/2-1/2"]
[WhiteElo "2171"]
[BlackElo "2106"]
[PlyCount "79"]
[EventDate "2014.01.30"]
[EventType "tourn"]
[EventRounds "11"]
[EventCountry "RUS"]
[SourceTitle "EXT 2016"]
[Source "ChessBase"]
[SourceDate "2015.10.08"]
[SourceVersion "1"]
[SourceVersionDate "2015.10.08"]
[SourceQuality "1"]

1. e4 d6 2. f4 Nf6 3. d3 c5 4. Nc3 Nc6 5. Nf3 g6 6. g3 Bg7 7. Bg2 0-0 8. 0-0 Bd7 9. h3 Nh5 10. g4 Nf6 11. f5 Nd4 12. Ne2 gxf5 13. exf5 Bc6 14. Nexd4 cxd4 15. Qe1 Nd5 16. Qh4 Ne3 17. Bxe3 dxe3 18. Rae1 Qb6 19. Re2 Qxb2 20. Qxe7 Qf6 21. Qxe3 Rfe8 22. Qf2 Rxe2 23. Qxe2 Re8 24. Qf2 Bh6 25. Re1 Rxe1+ 26. Nxe1 Qe5 27. Kh1 Be3 28. Qf1 Bd2 29. Bxc6 Bxe1 30. Bxb7 Bc3 31. Bf3 Bd4 32. Qe2 Qg3 33. Bg2 Kg7 34. Qd2 h6 35. c3 Be3 36. Qe2 Bf4 37. Kg1 Be5 38. c4 Qh2+ 39. Kf1 Bd4 40. f6+ 1/2-1/2

[Event "Krasnoyarsk City-ch"]
[Site "Krasnoyarsk"]
[Date "2013.10.08"]
[Round "6"]
[White "Anikonov, Dmitry"]
[Black "Avdeenko, Tatiana"]
[Result "1-0"]
[WhiteElo "2143"]
[BlackElo "2110"]
[PlyCount "65"]
[EventDate "2013.10.03"]
[EventType "swiss"]
[EventRounds "11"]
[EventCountry "RUS"]
[SourceTitle "EXT 2014"]
[Source "ChessBase"]
[SourceDate "2013.11.20"]
[SourceVersion "1"]
[SourceVersionDate "2013.11.20"]
[SourceQuality "1"]

1. d4 Nf6 2. c4 e6 3. Nc3 Bb4 4. Qb3 Nc6 5. Nf3 d5 6. Bg5 h6 7. Bxf6 Qxf6 8. e3 dxc4 9. Bxc4 Qg6 10. 0-0 Bd6 11. Nb5 0-0 12. Nxd6 cxd6 13. Qa3 e5 14. Kh1 Bg4 15. Bd5 Bxf3 16. Bxf3 exd4 17. exd4 Nxd4 18. Bxb7 Nc2 19. Qf3 Rae8 20. Rad1 Re5 21. a3 Rfe8 22. Ba6 Ne1 23. Qc6 Re4 24. Rg1 Qh5 25. Rd5 f5 26. Qc3 Qg6 27. Bb5 R8e6 28. Bd7 Nxg2 29. Bxe6+ Qxe6 30. Rdd1 Rc4 31. Qg3 Rg4 32. Qxd6 Qe2 33. Qd5+ 1-0

[Event "SibFO-ch op (Women)"]
[Site "Novokuznetsk"]
[Date "2013.03.25"]
[Round "5"]
[White "Averchenko, Ekaterina"]
[Black "Avdeenko, Tatiana"]
[Result "1/2-1/2"]
[WhiteElo "2222"]
[BlackElo "2108"]
[PlyCount "220"]
[EventDate "2013.03.21"]
[EventType "swiss"]
[EventRounds "9"]
[EventCountry "RUS"]
[SourceTitle "CBM 153 Extra"]
[Source "ChessBase"]
[SourceDate "2013.04.22"]
[SourceVersion "1"]
[SourceVersionDate "2013.04.22"]
[SourceQuality "1"]

1. e4 d6 2. d4 Nf6 3. f3 e5 4. d5 Be7 5. Be3 Nh5 6. Qd2 c5 7. dxc6 bxc6 8. c4 Be6 9. Nc3 0-0 10. Bd3 Na6 11. Nge2 Nb4 12. 0-0 Nxd3 13. Qxd3 f5 14. exf5 Bxf5 15. Qd2 Be6 16. b3 d5 17. cxd5 cxd5 18. Bf2 Qd7 19. Rad1 Rad8 20. Qe3 Bf6 21. Ne4 d4 22. Nxf6+ gxf6 23. Qd3 Kh8 24. Qd2 Qg7 25. Kh1 Rg8 26. Rg1 Qg6 27. Qd3 Bf5 28. Qb5 Bc2 29. Rd2 Rc8 30. Qa5 Qh6 31. Be1 d3 32. Nc1 Rcd8 33. Rf1 a6 34. Bf2 Nf4 35. Be3 Qh4 36. Bxf4 Qxf4 37. a3 Rd6 38. Re1 Rgd8 39. Re4 Qh6 40. Qb4 Rd5 41. h3 f5 42. Re1 Qg5 43. Qc3 Qg3 44. Rf1 Qf4 45. Na2 a5 46. b4 a4 47. Rff2 Qe3 48. Qc6 R5d6 49. Qc7 R6d7 50. Qc6 Rd6 51. Qc7 R6d7 52. Qc3 Qd4 53. Rf1 Qd5 54. Qb2 Kg8 55. Nc1 e4 56. fxe4 fxe4 57. Re1 Qg5 58. Qc3 e3 59. Qc4+ Kg7 60. Qc3+ Kh6 61. Rxc2 dxc2 62. Qxc2 Rd2 63. Qc6+ R8d6 64. Qe4 Rd1 65. Rxd1 Rxd1+ 66. Kh2 Rxc1 67. h4 Qh5 68. Qxe3+ Kg7 69. Qxc1 Qxh4+ 70. Kg1 Qd4+ 71. Kf1 Qd3+ 72. Kf2 Qf5+ 73. Kg3 Qd3+ 74. Kh2 Qd6+ 75. g3 Qd5 76. Qc3+ Kg6 77. Qc2+ Kg5 78. Qf2 Kh6 79. Qf4+ Kg6 80. Qg4+ Kf6 81. Qe2 Kg5 82. b5 Qc5 83. Qd2+ Kg6 84. Qd3+ Kh6 85. Kg2 Qe7 86. Kf2 Qf7+ 87. Ke3 Qe6+ 88. Kd4 Qd6+ 89. Kc4 Qe7 90. Qd2+ Kg6 91. Qc2+ Kf6 92. Qf2+ Kg6 93. Qb6+ Kf7 94. Qc5 Qe4+ 95. Qd4 Qc2+ 96. Kb4 Qb3+ 97. Ka5 Qxa3 98. b6 Qb3 99. Qf4+ Ke6 100. Qxa4 Qc3+ 101. Qb4 Qxg3 102. Qc4+ Kd7 103. Qb5+ Kd8 104. Qd5+ Kc8 105. Qa8+ Kd7 106. Qb7+ Kd8 107. Qxh7 Qa3+ 108. Kb5 Qb3+ 109. Ka6 Qc4+ 110. Kb7 Qf7+ 1/2-1/2

[Event "Izhevsk Corporation Cup-A 4th"]
[Site "Izhevsk"]
[Date "2012.07.17"]
[Round "3"]
[White "Pushin, Vladimir"]
[Black "Avdeenko, Tatiana"]
[Result "1-0"]
[WhiteElo "2363"]
[BlackElo "2157"]
[PlyCount "61"]
[EventDate "2012.07.15"]
[EventType "swiss"]
[EventRounds "9"]
[EventCountry "RUS"]
[SourceTitle "EXT 2013"]
[Source "ChessBase"]
[SourceDate "2012.11.22"]
[SourceVersion "1"]
[SourceVersionDate "2012.11.22"]
[SourceQuality "1"]

1. c4 Nf6 2. Nc3 e5 3. g3 d6 4. Bg2 Be7 5. e3 c6 6. d4 0-0 7. Nge2 Nbd7 8. 0-0 Rb8 9. b4 b5 10. c5 d5 11. e4 dxe4 12. Nxe4 Nd5 13. a3 f5 14. N4c3 Nxc3 15. Nxc3 exd4 16. Ne2 Bf6 17. Bf4 Be5 18. Nxd4 Bxf4 19. Nxc6 Qf6 20. gxf4 Rb7 21. Re1 Nb8 22. Ne5 Re7 23. Qd6 Bb7 24. Bxb7 Qxd6 25. cxd6 Rxb7 26. Rac1 Nd7 27. Rc7 Rxc7 28. dxc7 Nb6 29. Rd1 Re8 30. Rd8 Kf8 31. Nd7+ 1-0

[Event "Izhevsk Corporation Cup-A 4th"]
[Site "Izhevsk"]
[Date "2012.07.15"]
[Round "1"]
[White "Kharlov, Andrei"]
[Black "Avdeenko, Tatiana"]
[Result "1-0"]
[WhiteElo "2517"]
[BlackElo "2157"]
[PlyCount "57"]
[EventDate "2012.07.15"]
[EventType "swiss"]
[EventRounds "9"]
[EventCountry "RUS"]
[SourceTitle "EXT 2013"]
[Source "ChessBase"]
[SourceDate "2012.11.22"]
[SourceVersion "1"]
[SourceVersionDate "2012.11.22"]
[SourceQuality "1"]

1. d4 Nf6 2. g3 d6 3. Bg2 e5 4. Nf3 Nbd7 5. 0-0 Be7 6. c4 0-0 7. Nc3 c6 8. b3 Re8 9. Qc2 Bf8 10. Bb2 a6 11. e3 e4 12. Nd2 d5 13. Rfe1 b5 14. f3 exf3 15. Bxf3 Bb7 16. e4 b4 17. Na4 dxe4 18. Nxe4 Nxe4 19. Bxe4 Nf6 20. Bf3 Rc8 21. Nc5 Ba8 22. Rxe8 Qxe8 23. Nxa6 Nd7 24. c5 Qe7 25. Qf2 Qg5 26. Bc1 Qf6 27. Nxb4 Bb7 28. Bf4 Ra8 29. Qd2 1-0

[Event "Sibiria Region-ch (Women)"]
[Site "Prokopevsk"]
[Date "2012.03.18"]
[Round "7"]
[White "Avdeenko, Tatiana"]
[Black "Grigorian, Marine"]
[Result "1-0"]
[WhiteElo "2203"]
[BlackElo "2205"]
[PlyCount "71"]
[EventDate "2012.03.12"]
[EventType "swiss"]
[EventRounds "9"]
[EventCountry "RUS"]
[SourceTitle "EXT 2013"]
[Source "ChessBase"]
[SourceDate "2012.11.22"]
[SourceVersion "1"]
[SourceVersionDate "2012.11.22"]
[SourceQuality "1"]

1. e4 d6 2. d4 Nf6 3. Nc3 e5 4. Nf3 Nbd7 5. Bc4 Be7 6. 0-0 0-0 7. a4 c6 8. h3 Re8 9. Re1 exd4 10. Qxd4 Nf8 11. Be3 Ng6 12. Rad1 Qc7 13. Ng5 Ne5 14. Be2 h6 15. Nf3 Nxf3+ 16. Bxf3 Be6 17. Bf4 Red8 18. Qe3 Qa5 19. b4 Qc7 20. Rd2 Nd7 21. Be2 Ne5 22. Red1 Rd7 23. Qg3 Kh8 24. Be3 Nc4 25. Bxc4 Bxc4 26. Bf4 Qb6 27. Bxd6 Bxd6 28. Rxd6 Re7 29. b5 Qc5 30. bxc6 bxc6 31. Rd8+ Rxd8 32. Rxd8+ Kh7 33. Qb8 Qa3 34. Rh8+ Kg6 35. Qg3+ Kf6 36. Nd5+ 1-0